Normal view
MARC view
- الافصاح-الايضاح
Entry Topical Term
001 - CONTROL NUMBER
- control field: 16750
003 - CONTROL NUMBER IDENTIFIER
- control field: JO-AjAnu
005 - DATE AND TIME OF LATEST TRANSACTION
- control field: 20230606072954.0
008 - FIXED-LENGTH DATA ELEMENTS
- fixed length control field: 230606|| aca||aabn | a|a d
040 ## - CATALOGING SOURCE
- Original cataloging agency: JO-AjAnu
- Transcribing agency: JO-AjAnu
150 ## - HEADING--TOPICAL TERM
- Topical term or geographic name entry element: الافصاح-الايضاح
670 ## - SOURCE DATA FOUND
- Source citation: Work cat.: (JO-AjAnu)8601: تأليف النحوي الطراوة;تحقيق الضامن,حاتم صالح, author 16749, رسالة الافصاح ببعض ما جاء من الخطأ في الايضاح